<?xml version="1.0" encoding="UTF-8"?>
<record
    xmlns:xsi="http://www.w3.org/2001/XMLSchema-instance"
    xsi:schemaLocation="http://www.loc.gov/MARC21/slim http://www.loc.gov/standards/marcxml/schema/MARC21slim.xsd"
    xmlns="http://www.loc.gov/MARC21/slim">

  <leader>01257nam a22002177a 4500</leader>
  <datafield tag="999" ind1=" " ind2=" ">
    <subfield code="c">38603</subfield>
    <subfield code="d">38603</subfield>
  </datafield>
  <controlfield tag="003">OSt</controlfield>
  <controlfield tag="005">20240913121852.0</controlfield>
  <controlfield tag="008">230830b           ||||| |||| 00| 0 hin d</controlfield>
  <datafield tag="022" ind1=" " ind2=" ">
    <subfield code="2">02179520</subfield>
    <subfield code="a">17932858</subfield>
  </datafield>
  <datafield tag="040" ind1=" " ind2=" ">
    <subfield code="b">English</subfield>
  </datafield>
  <datafield tag="082" ind1=" " ind2=" ">
    <subfield code="a">306.0959</subfield>
  </datafield>
  <datafield tag="245" ind1=" " ind2=" ">
    <subfield code="a">SOJOURN: Journal of Social Issues in Southeast Asia</subfield>
    <subfield code="c">by ISEAS - Yusof Ishak Institute</subfield>
  </datafield>
  <datafield tag="260" ind1=" " ind2=" ">
    <subfield code="a">Singapore;</subfield>
    <subfield code="b">ISEAS - Yusof Ishak Institute,</subfield>
  </datafield>
  <datafield tag="520" ind1=" " ind2=" ">
    <subfield code="a">SOJOURN is an interdisciplinary journal devoted to the study of social and cultural issues in Southeast Asia. It publishes empirical and theoretical research articles to promote and disseminate scholarship in and on the region. Areas of special concern include ethnicity, religion, tourism, urbanization, migration, popular culture, social and cultural change, and development. Fields most often represented in the journal are anthropology, sociology and history.</subfield>
  </datafield>
  <datafield tag="600" ind1=" " ind2=" ">
    <subfield code="v">Periodicals:</subfield>
    <subfield code="x">Southeast Asia</subfield>
    <subfield code="y">Social conditions</subfield>
  </datafield>
  <datafield tag="610" ind1=" " ind2=" ">
    <subfield code="x">International Relations</subfield>
    <subfield code="y">Politics and government</subfield>
    <subfield code="z">Periodicals:</subfield>
  </datafield>
  <datafield tag="630" ind1=" " ind2=" ">
    <subfield code="v">Political Science</subfield>
    <subfield code="x">South-east Asia</subfield>
    <subfield code="y">Economic conditions</subfield>
  </datafield>
  <datafield tag="710" ind1=" " ind2=" ">
    <subfield code="b">ISEAS - Yusof Ishak Institute</subfield>
    <subfield code="e">Publisher</subfield>
  </datafield>
  <datafield tag="856" ind1=" " ind2=" ">
    <subfield code="u">https://www.iseas.edu.sg/flagship-publications/sojourn/sojourn/</subfield>
  </datafield>
  <datafield tag="942" ind1=" " ind2=" ">
    <subfield code="2">ddc</subfield>
    <subfield code="c">JR</subfield>
    <subfield code="s">1</subfield>
  </datafield>
  <datafield tag="952" ind1=" " ind2=" ">
    <subfield code="0">0</subfield>
    <subfield code="1">0</subfield>
    <subfield code="2">ddc</subfield>
    <subfield code="4">0</subfield>
    <subfield code="7">0</subfield>
    <subfield code="a">NASSDOC</subfield>
    <subfield code="b">NASSDOC</subfield>
    <subfield code="d">2024-09-13</subfield>
    <subfield code="l">0</subfield>
    <subfield code="o">306.0959</subfield>
    <subfield code="r">2024-09-13 00:00:00</subfield>
    <subfield code="w">2024-09-13</subfield>
    <subfield code="y">JR</subfield>
  </datafield>
</record>
